เคล็ดลับการออกแบบ e-Learning สำหรับนักออกแบบและผู้สอน (Record no. 37505)

MARC details
000 -LEADER
fixed length control field 02668nam a22002537a 4500
003 - CONTROL NUMBER IDENTIFIER
control field TH-BaNU
005 - DATE AND TIME OF LATEST TRANSACTION
control field 20230330103947.0
008 - FIXED-LENGTH DATA ELEMENTS--GENERAL INFORMATION
fixed length control field 230330b2018 TH ||||| |||| 00| 0 tha d
020 ## - INTERNATIONAL STANDARD BOOK NUMBER
International Standard Book Number 5524100002320
040 ## - CATALOGING SOURCE
Original cataloging agency TH-BaNU
100 ## - MAIN ENTRY--PERSONAL NAME
Personal name ศยามน อินสะอาด
245 ## - TITLE STATEMENT
Title เคล็ดลับการออกแบบ e-Learning สำหรับนักออกแบบและผู้สอน
260 ## - PUBLICATION, DISTRIBUTION, ETC.
Place of publication, distribution, etc. กรงเทพฯ:
Name of publisher, distributor, etc. ซีเอ็ดยูเคชั่น:
Date of publication, distribution, etc. 2561
300 ## - PHYSICAL DESCRIPTION
Extent 185 หน้า
520 ## - SUMMARY, ETC.
Summary, etc. เนื้อหาในหนังสือเล่มนี้ ประกอบด้วยมุมมองและประสบการณ์ในการทำงานด้านอีเลิร์นนิงของผู้เขียน โดยนำเสนอมุมมองเคล็ดลับเทคนิคง่ายๆ ที่จะพัฒนาอีเลิร์นนิงได้ทั้งระบบ ในด้านการออกแบบ การผลิต การเผยแพร่ การนำไปใช้ และการประเมินผล ชี้ให้เห็นกลวิธีการนำอีเลิร์นนิงไปจัดการเรียนการสอนแบบออนไลน์แบบผสมผสาน และนำเสนอการพัฒนาอีเลิร์นนิงไปสู่เรื่องของขนาดข้อมูล Big Data ที่จะช่วยวิเคราะห์พฤติกรรมการเรียน วิเคราะห์รูปแบบการเรียนรู้ของผู้เรียนมาปรับเหมาะกับกลยุทธ์การสอนให้เข้ากับผู้เรียนแต่ละคน ผู้อ่านสามารถนำความรู้ไปพัฒนาอีเลิร์นนิงให้ประสบความสำเร็จ ประยุกต์ต่อยอดในการจัดการเรียนการสอนในยุค 4.0 ได้จริง
650 ## - SUBJECT ADDED ENTRY--TOPICAL TERM
Topical term or geographic name entry element แบบเรียนสำเร็จรูป
650 ## - SUBJECT ADDED ENTRY--TOPICAL TERM
Topical term or geographic name entry element สื่อการสอน
650 ## - SUBJECT ADDED ENTRY--TOPICAL TERM
Topical term or geographic name entry element คู่มือเรียน--สอบ
650 ## - SUBJECT ADDED ENTRY--TOPICAL TERM
Topical term or geographic name entry element การบริหารจัดการ
850 ## - HOLDING INSTITUTION
Holding institution Kuakarun Nursing Library
856 ## - ELECTRONIC LOCATION AND ACCESS
Uniform Resource Identifier <a href="https://se-ed.belibcloud.com/book-detail/18043">https://se-ed.belibcloud.com/book-detail/18043</a>
Link text se-ed e-library
942 ## - ADDED ENTRY ELEMENTS (KOHA)
Source of classification or shelving scheme Local Classification
Koha item type Electronic books
998 ## - STAFF NAME (NMU)
Cataloger Bee
Holdings
Withdrawn status Lost status Source of classification or shelving scheme Damaged status Not for loan Home library Current library Shelving location Date acquired Total Checkouts Barcode Date last seen Price effective from Koha item type
    Local Classification   Online Access Kuakarun Nursing Library Kuakarun Nursing Library Processing unit 30/03/2023   eb37505 30/03/2023 30/03/2023 Electronic books